LEADER 00937nam0 2200253 450 001 000044078 005 20180205144314.0 010 $a88-203-0092-3 100 $a20180205d1988----km-y0itaa50------ba 101 0 $aita 102 $aIT 200 1 $aChi l'ha detto?$eTesoro di citazioni italiane e straniere, di origine letteraria e storica, ordinate e annotate da Giuseppe Fumagalli$fGiuseppe Fumagalli 205 $aDecima edizione riveduta e aumentata 210 $aMilano$cHoepli$d1988 215 $aXXVI, 848 p.$d18 cm 700 1$aFumagalli,$bGiuseppe$0443766 801 0$aIT$bUniversità della Basilicata - B.I.A.$gREICAT$2unimarc 912 $a000044078 996 $aChi l'ha detto$91532538 997 $aUNIBAS BAS $aLETTERE CAT $aEXT022$b01$c20180205$lBAS01$h1443 FMT Z30 -1$lBAS01$LBAS01$mBOOK$1BASA1$APolo Storico-Umanistico$2GEN$BCollezione generale$657082$5L57082$820180205$f04$FPrestabile Didattica LEADER 01479nam 2200505 a 450 001 9910780853003321 005 20230721024752.0 010 $a0-8018-9467-0 035 $a(CKB)2520000000007607 035 $a(OCoLC)608624789 035 $a(CaPaEBR)ebrary10363251 035 $a(SSID)ssj0000333853 035 $a(PQKBManifestationID)11242260 035 $a(PQKBTitleCode)TC0000333853 035 $a(PQKBWorkID)10377796 035 $a(PQKB)10589401 035 $a(MiAaPQ)EBC3318497 035 $a(Au-PeEL)EBL3318497 035 $a(CaPaEBR)ebr10363251 035 $a(OCoLC)923195246 035 $a(EXLCZ)992520000000007607 100 $a20071227d2008 uy 0 101 0 $aeng 135 $aurcn||||||||| 181 $ctxt 182 $cc 183 $acr 200 10$aAbraham Lincoln$b[electronic resource] $ea life /$fMichael Burlingame 210 $aBaltimore $cJohns Hopkins University Press$d2008 215 $a1 online resource (2028 p.) 300 $aBibliographic Level Mode of Issuance: Monograph 311 $a0-8018-8993-6 320 $aIncludes bibliographical references and indexes. 606 $aPresidents$zUnited States$vBiography 615 0$aPresidents 676 $a973.7092 676 $aB 700 $aBurlingame$b Michael$f1941-$01121565 801 0$bMiAaPQ 801 1$bMiAaPQ 801 2$bMiAaPQ 906 $aBOOK 912 $a9910780853003321 996 $aAbraham Lincoln$93726552 997 $aUNINA